000 00583nam a2200229Ia 4500
003 OSt
005 20221005124246.0
006 a|||||r|||| 00| 0
007 ta
008 221004b |||||||| |||| 00| 0 eng d
024 _a66900
037 _cTextual
040 _aCRL
_cCRL
_beng
041 _2eng
_aeng
082 _aV73:19058:N3, H3
100 _aDavies Joseph E.
245 0 _aMission to Moscow
260 _c1943
650 _aUNITED STATES - HISTORY
_931585
942 _hV73:19058:N3, H3
_cTEXL
_2cc
999 _c1049909
_d1049909